000
00194 a2200097 4500
001
48927
100
_a
ROH
245
_a
Safar gushat
260
_a
Lahore
_b
Feroz Sons
_c
090
_c
31819
_d
31819
942
_a
NUST-CAE
_c
M
_c
24246
999
_c
284000
_d
284000